000
00343nam a2200145Ia 4500
003
OSt
005
20231220060817.0
008
170524s9999 xx 000 0 und d
020
_a
9788131300657
040
_c
IIMT UNIVERSITY
100
_a
BANSAL- SK
245
0
_a
JOURNALISM & ELECTRONIC MEDIA
260
_b
A P H NEW DELHI
942
_2
ddc
_c
01
999
_c
9030
_d
9030